-
DEITELl. H.M. AND DEITEL, P.J
Entry Personal Name
Number of records used in: 1
001 - CONTROL NUMBER
003 - CONTROL NUMBER IDENTIFIER
005 - DATE AND TIME OF LATEST TRANSACTION
- control field:
20250422094349.0
008 - FIXED-LENGTH DATA ELEMENTS
- fixed length control field:
250422|| aca||aabn | a|a d
040 ## - CATALOGING SOURCE
- Original cataloging agency:
JRU
- Transcribing agency:
JRU
100 ## - HEADING--PERSONAL NAME
- Personal name:
DEITELl. H.M. AND DEITEL, P.J
670 ## - SOURCE DATA FOUND
- Source citation:
Work cat.: (JRU)153: DEITELl. H.M. AND DEITEL, P.J., C HOW RO PROGRAM, 3RD ED., 2001